000 00658nam a2200241 i 4500
001 C2-0252708
003 PPAK
005 20180727215840.0
008 031201s1984 nyua|||| ||||| | eng d
020 _a0521288940
040 _aPPAK
_beng
_cPPAK
_erda
082 0 4 _a573.2
_223
090 0 0 _a573.2
_bTOM
_dG
100 1 _aTompkins, Stephen,
_eauthor
245 1 4 _aThe origins of mankind
264 1 _aNew York :
_bCambridge University Press ,
_c1984
300 _a124 pages :
_billustrations ;
_c23 cm
336 _2rdacontent
_atext
337 _2rdamedia
_aunmediated
338 _2rdacarrier
_avolume
650 1 0 _aHuman evolution
942 _ddc
_cB
999 _c65703
_d65703